00560nam a22001817a 450000500170000001000150001702000260003202000230005803500130008103700130009408200150010710000160012224500800013826000400021827000520025830000280031050000400033820150106170316.0 aENG-111507 a9788174878670c695.00 a817487867xc695.00 aEN-95039 bDBAD/PUB a305.420954 aUmesh Kumar aWomen empowerment and democracy :cby Umesh Kumarbproblems and prospects / aNew DelhibRadha Publicationsc2014 a4231/1,Ansari Road,DaryaganjbNew Delhie110002 a235p. :bill.c22cm(Hb) aIncludes bibliographical references